| 000 | 01990cam a22004574i 4500 | ||
|---|---|---|---|
| 003 | PE-LiUPU | ||
| 005 | 20250731172815.0 | ||
| 008 | 150617s1969 sp rb 000 0 spa d | ||
| 020 | _a842540438X | ||
| 020 | _a9788425404382 | ||
| 035 | _a(Sirsi) i9788425404382 | ||
| 040 |
_aPE-LiUPU _bspa _cPE-LiUPU _erda |
||
| 049 | _aPRUA | ||
| 082 | 0 | 4 |
_a231.765 _bG925c _221 |
| 100 | 1 |
_aGuelluy, Robert, _eautor. |
|
| 245 | 1 | 3 |
_aLa creación / _cRobert Guelluy. |
| 264 | 1 |
_aBarcelona : _bHerder, _c1969. |
|
| 300 |
_a221 páginas ; _c22 centímetros. |
||
| 336 |
_atext _2rdacontent |
||
| 337 |
_aunmediated _2rdamedia |
||
| 338 |
_avolume _2rdacarrier |
||
| 490 | 0 | _a(El Misterio Cristiano. Teología Dogmática) | |
| 504 | _aÍndice: páginas 207-221. | ||
| 505 | 0 | _aLa creación en general -- La sagrada escritura -- El antiguo testamento -- La acción de Dios en el origen del mundo -- El gobierno del mundo -- El fin de la creación -- Conclusiones sobre la enseñanza del antiguo testamento -- El nuevo testamento -- La acción de Dios en los orígenes del mundo -- El gobierno del mundo por Dios -- El fin de la creación -- Conclusiones sobre la enseñanza del nuevo testamento -- Exposición sistemática -- La enseñanza de la iglesia -- Las principales intervenciones del magisterio -- Las tesis principales -- Las criaturas en particular -- El hombre en el mundo visible -- Exposición histórica -- La sagrada escritura -- La vida de la iglesia -- Exposición sistemática -- La enseñanza de la iglesia -- Reflexión teológico -- Los ángeles. | |
| 526 | _aSEG42 | ||
| 526 | _aSEG41 | ||
| 526 | _aSEG40 | ||
| 526 | _aSEG39 | ||
| 526 | _aP94 | ||
| 526 | _aP87 | ||
| 526 | _aP86 | ||
| 526 | _aP85 | ||
| 526 | _aP77 | ||
| 526 | _aP76 | ||
| 526 | _aP35 | ||
| 650 | 1 | 4 | _aCreación. |
| 910 | _ajck | ||
| 942 |
_2ddc _cBK |
||
| 980 |
_81 _gALBERTO SANCHEZ Responsable de Automatización |
||
| 999 |
_c4215 _d4215 |
||